Govt. of
Madhya Pradesh

A million Thoughts (Record no. 66777)

MARC details
000 -LEADER
fixed length control field 00239nam a22001097a 4500
082 ## - DEWEY DECIMAL CLASSIFICATION NUMBER
Classification number 080/SWA
100 ## - MAIN ENTRY--AUTHOR NAME
Personal name Swami,Om
245 ## - TITLE STATEMENT
Title A million Thoughts
260 ## - PUBLICATION, DISTRIBUTION, ETC. (IMPRINT)
Place of publication Mumbai
Name of publisher Jaico Publishing
Year of publication 2023
650 ## - SUBJECT ADDED ENTRY--TOPICAL TERM
Topical Term Philosophy
942 ## - ADDED ENTRY ELEMENTS (KOHA)
Koha item type Books
Holdings
Withdrawn status Lost status Damaged status Not for loan Home library Current library Date acquired Cost, normal purchase price Full call number Accession Number Price effective from Koha item type
        MACL MACL 07/03/2024 450.00 080/SWA DPI002086 07/03/2024 Books